Sports Quiz

Random Sports or Soccer Quiz
Score 0/7 Timer 05:00
0 Plays Today
Country Name % Correct
South KoreaSon Heung-Min
94.7%
South KoreaPark Ji-Sung
93%
JapanShinji Okazaki
91.2%
JapanShinji Kagawa
91.2%
JapanKeisuke Honda
82.5%
JapanShunsuke Nakamura
73.7%
JapanJunichi Inamoto
17.5%
Remove Ads.
Support Sporcle.
Get the best of Sporcle when you Go Orange. This ad-free experience offers more features, more stats, and more fun while also helping to support Sporcle. Thank you for becoming a member.

You're not logged in!

Compare scores with friends on all Sporcle quizzes.
OR
Log In

Sporcle TV

Today on Sporcle TV


Watch our educational content, quiz creation guides, and fun videos on Sporcle TV.

Show Comments

Extras

Top Quizzes Today


Score Distribution

Paid Content

Your Account Isn't Verified!

In order to create a playlist on Sporcle, you need to verify the email address you used during registration. Go to your Sporcle Settings to finish the process.

Report this User

Report this user for behavior that violates our Community Guidelines.

Details: